<?xml version="1.0" encoding="UTF-8"?><?xml-stylesheet type="text/xsl" href="static/style.xsl"?><OAI-PMH xmlns="http://www.openarchives.org/OAI/2.0/" xmlns:xsi="http://www.w3.org/2001/XMLSchema-instance" xsi:schemaLocation="http://www.openarchives.org/OAI/2.0/ http://www.openarchives.org/OAI/2.0/OAI-PMH.xsd"><responseDate>2026-06-29T19:59:44Z</responseDate><request verb="GetRecord" identifier="oai:riubu.ubu.es:10259/7601" metadataPrefix="marc">https://riubu.ubu.es/oai/request</request><GetRecord><record><header><identifier>oai:riubu.ubu.es:10259/7601</identifier><datestamp>2023-04-20T09:30:50Z</datestamp><setSpec>com_10259_4862</setSpec><setSpec>com_10259_5086</setSpec><setSpec>com_10259_2604</setSpec><setSpec>col_10259_4863</setSpec></header><metadata><record xmlns="http://www.loc.gov/MARC21/slim" xmlns:doc="http://www.lyncode.com/xoai" xmlns:xsi="http://www.w3.org/2001/XMLSchema-instance" xmlns:dcterms="http://purl.org/dc/terms/" xsi:schemaLocation="http://www.loc.gov/MARC21/slim http://www.loc.gov/standards/marcxml/schema/MARC21slim.xsd">
<leader>00925njm 22002777a 4500</leader>
<datafield tag="042" ind1=" " ind2=" ">
<subfield code="a">dc</subfield>
</datafield>
<datafield tag="720" ind1=" " ind2=" ">
<subfield code="a">Erkoreka, Anton</subfield>
<subfield code="e">author</subfield>
</datafield>
<datafield tag="720" ind1=" " ind2=" ">
<subfield code="a">Hernando-Pérez, Josu</subfield>
<subfield code="e">author</subfield>
</datafield>
<datafield tag="720" ind1=" " ind2=" ">
<subfield code="a">Ayllón Barasoain, Juan</subfield>
<subfield code="e">author</subfield>
</datafield>
<datafield tag="260" ind1=" " ind2=" ">
<subfield code="c">2022-06</subfield>
</datafield>
<datafield tag="520" ind1=" " ind2=" ">
<subfield code="a">Using new and original nineteenth-century sources, we analysed the epidemiology, clinical&#xd;
features and virology of the 1889 pandemic, which was referred to at the time as ‘Russian flu’ or&#xd;
‘Asiatic flu’. However, we rejected this identification of the disease as an ‘influenza’, which we&#xd;
believe to have been based on insufficient knowledge of the causative agent and instead posit that the&#xd;
pandemic was caused by a coronavirus. We provide a new account of the 1889–1893 pandemic, with&#xd;
a more detailed chronology that included at least four epidemiological waves. At the end of 1889, a&#xd;
new virus appeared in Europe, which could be identified as the coronavirus HCoV-OC43, causing&#xd;
crude death rates of 1.3 per 1000 population in St Petersburg; 2.1 per 1000 in Paris; 2.8 per 1000 in&#xd;
Bilbao and on the French–Spanish border; between 2.9 and 5.2 per 1000 in small towns in the Basque&#xd;
Country; and 5.8 deaths per 1000 in Madrid, which had the highest death rate. The clinical features&#xd;
of the disease differed from classical influenza pandemics in terms of the latency phase, duration,&#xd;
symptomatology, convalescence, immunity, age and death rates. Another factor to be considered&#xd;
was the neurotropic capacity of the disease. The most frequent form of the 1889 pandemic was the&#xd;
‘nervous form’, with specific symptoms such as ‘heavy headache’ (céphalalgie gravative), tiredness,&#xd;
fever and delirium. There are strong parallels between the 1889–1894 pandemic and the COVID-19&#xd;
pandemic, and a better understanding of the former may therefore help us to better manage the latter.</subfield>
</datafield>
<datafield tag="024" ind2=" " ind1="8">
<subfield code="a">http://hdl.handle.net/10259/7601</subfield>
</datafield>
<datafield tag="024" ind2=" " ind1="8">
<subfield code="a">10.3390/idr14030049</subfield>
</datafield>
<datafield tag="024" ind2=" " ind1="8">
<subfield code="a">2036-7449</subfield>
</datafield>
<datafield ind1=" " ind2=" " tag="653">
<subfield code="a">1889-1894 pandemic</subfield>
</datafield>
<datafield ind1=" " ind2=" " tag="653">
<subfield code="a">Coronavirus</subfield>
</datafield>
<datafield ind1=" " ind2=" " tag="653">
<subfield code="a">HCoV-OC43</subfield>
</datafield>
<datafield ind1=" " ind2=" " tag="653">
<subfield code="a">Influenzavirus A/H1N1</subfield>
</datafield>
<datafield ind1=" " ind2=" " tag="653">
<subfield code="a">A/H2N2</subfield>
</datafield>
<datafield ind1=" " ind2=" " tag="653">
<subfield code="a">A/H3N8</subfield>
</datafield>
<datafield ind1=" " ind2=" " tag="653">
<subfield code="a">Russian flu</subfield>
</datafield>
<datafield ind1=" " ind2=" " tag="653">
<subfield code="a">History of pandemics</subfield>
</datafield>
<datafield tag="245" ind1="0" ind2="0">
<subfield code="a">Coronavirus as the Possible Causative Agent of the 1889–1894 Pandemic</subfield>
</datafield>
</record></metadata></record></GetRecord></OAI-PMH>